000
00277nam a22001097a 4500
082
_a
540 SCO'C
100
_a
ZABOREWSKI, L.M,SCOTT, L.W,HILL, J.W
_9
76997
245
_a
CHEMICAL INVESTIGATIONS FOR CHANGING TIMES
260
_a
USA
_b
BURGESS
_c
1972
300
_a
173P
942
_c
BK
999
_c
582313
_d
582313